000 00762nab a2200229u 4500
001 19399
003 HDC
007 c| |||a|c|aaaa
008 210227b20070814my ||||o |||| 00| 0 eng d
040 _aHDC
100 _aLorna Edwards /
_eauthor
_917858
245 0 _aAussie stunning debate continues /
_cLorna Edwards
336 _atext
_2rdacontent
337 _acomputer
_2rdamedia
338 _aonline resource
_2rdacarrier
650 _aexports halal meat
_917859
650 _alargest halal sheepmeat exporter
_917860
856 _zRequest full-text at [email protected]
942 _2lcc
942 _cNEWS
942 _kNWS0 003558
999 _c16715
_d16715